000
00255nam a2200121Ia 4500
082
_a
615.1
_b
P10K
100
_a
KAR, ASHUTOSH
245
_a
PHARMACEUTICAL ANALYSIS, VOL. -I
260
_b
CBS- DELHI
300
_a
212
650
_a
ANATOMY
942
_2
ddc
_c
BK
999
_c
7208
_d
7208